00504 2200217 4500001002100000008004100021035002000062245004600082100001400128250000600142260003000148084001400178082000800192650001400200990001200214990001200226990001200238990001200250990001200262990001200274INLIS000000000001523 ind  a0010-0125000021 aPemograman Dengan Visual BasiccHendri P. aHendri P. a1 aJakarta :bErlanggac2006 a600 HEN p a600 aNon Fiksi a0714033 a0714034 a0714035 a0714036 a0714037 a0714038